MARC

LEADER 00000nam0a2200000 4500
001 372625
005 20231102012508.0
035 |a (RuTPU)RU\TPU\retro\30049 
035 |a RU\TPU\book\306461 
090 |a 372625 
100 |a 20221215d1985 m y0rusy50 ca 
101 1 |a rus  |c tat 
102 |a RU 
105 |a a z 000ay 
200 1 |a Белые ночи  |e повести  |e рассказы  |e очерки  |e пер. с татар.  |f А. С. Абсалямов 
210 |a Казань  |c Татарское кн. изд-во  |d 1985 
215 |a 336 с.  |c ил. 
606 1 |a Татарская литература  |2 stltpush  |3 (RuTPU)RU\TPU\subj\58586  |9 76361 
610 1 |a художественная литература 
610 1 |a военная проза 
610 1 |a повести 
610 1 |a рассказы 
610 1 |a очерки 
610 1 |a Великая Отечественная война 1941-1945 
675 |a 894.321  |v 3 
700 1 |a Абсалямов  |b А. С.  |g Абдурахман Сафеевич 
801 1 |a RU  |b 63413507  |c 20150131 
801 2 |a RU  |b 63413507  |c 20221215  |g RCR 
942 |c BK